Traité des cardiopaltries congénitales / (Record no. 57217)

MARC details
000 -LEADER
campo de control de longitud fija 00528nam a2200157 i 4500
001 - NÚMERO DE CONTROL
campo de control 57217
003 - IDENTIFICADOR DE NÚMERO DE CONTROL
campo de control ES-MaACL
007 - CAMPO FIJO DE DESCRIPCIÓN FÍSICA--INFORMACIÓN GENERAL
campo de control de longitud fija t|
008 - DATOS DE LONGITUD FIJA--INFORMACIÓN GENERAL
campo de control de longitud fija 031015s1954 fr ||||1| fre d
100 1# - ENTRADA PRINCIPAL--NOMBRE DE PERSONA
Nombre de persona Donzelot, E.
9 (RLIN) 45353
245 10 - MENCIÓN DEL TÍTULO
Título Traité des cardiopaltries congénitales /
Mención de responsabilidad, etc. sus la direction de E. Donzelot, F. D'Allaines.
260 ## - PUBLICACIÓN, DISTRIBUCIÓN, ETC.
Lugar de publicación, distribución, etc. París :
Nombre del editor, distribuidor, etc. Masson,
Fecha de publicación, distribución, etc. 1954 (
Lugar de fabricación/manufactura Laval :
Fabricante Barnéoud Fréres)
300 ## - DESCRIPCIÓN FÍSICA
Extensión VIII, 1116 p., 4 lám. :
Otras características físicas il., gráf. ;
Dimensiones 28 cm.
700 1# - ENTRADA AGREGADA--NOMBRE PERSONAL
Nombre de persona D'Allaines, F.
9 (RLIN) 42339
852 ## - LOCALIZACIÓN
Ubicación ES-MaACL
Número de control de estantería C-9164
Sublocalización o colección R.37293
Holdings
Estatus retirado Estado de pérdida Estado de daño No para préstamo Biblioteca de origen Biblioteca actual Ubicación en estantería Fecha de adquisición Fuente de adquisición Total de préstamos Signatura topográfica completa Código de barras Visto por última vez Precio de reemplazo Tipo de ítem Koha
        Biblioteca del Ateneo de Madrid Biblioteca del Ateneo de Madrid Sala Palomar 17/01/2008     C-9164 1060075 23/02/2023 23/02/2023 Libro impreso